Journal of the Experimental Analysis of Behaviour (Record no. 9347)
[ view plain ]
| 000 -LEADER | |
|---|---|
| fixed length control field | 00558cas a2200157 4500 |
| 008 - FIXED-LENGTH DATA ELEMENTS--GENERAL INFORMATION | |
| fixed length control field | 120403n eng u |
| 022 ## - INTERNATIONAL STANDARD SERIAL NUMBER | |
| International Standard Serial Number | 00225002 |
| 035 ## - SYSTEM CONTROL NUMBER | |
| System control number | (Sirsi) a175808 |
| 050 ## - LIBRARY OF CONGRESS CALL NUMBER | |
| Classification number | BF1.J6E9A5 |
| 245 ## - TITLE STATEMENT | |
| Title | Journal of the Experimental Analysis of Behaviour |
| 260 ## - PUBLICATION, DISTRIBUTION, ETC. | |
| Place of publication, distribution, etc. | Bloomington |
| Name of publisher, distributor, etc. | Society for the Experimental Analysis of Behaviour |
| Date of publication, distribution, etc. | 1958 |
| 310 ## - CURRENT PUBLICATION FREQUENCY | |
| Current publication frequency | Bi-Monthly |
| 362 ## - DATES OF PUBLICATION AND/OR SEQUENTIAL DESIGNATION | |
| Dates of publication and/or sequential designation | Vol. 1, 1958 - Vol. 25, No. 1, 1976 |
| 520 ## - SUMMARY, ETC. | |
| Summary, etc. | It comprises articles of the experiments relevant to the behavior of individual organisms |
| 650 ## - SUBJECT ADDED ENTRY--TOPICAL TERM | |
| Topical term or geographic name entry element | Psychology |
| Withdrawn status | Lost status | Source of classification or shelving scheme | Damaged status | Not for loan | Home library | Current library | Shelving location | Total Checkouts | Full call number | Barcode | Date last seen | Copy number | Price effective from | Koha item type |
|---|---|---|---|---|---|---|---|---|---|---|---|---|---|---|
| Library of Congress Classification | Main Library | Main Library | Serials | BF1.J6E9A5 | 500211958 | 08/12/2019 | 1 | 08/12/2019 | Periodical | |||||
| Library of Congress Classification | Main Library | Main Library | Serials | BF1.J6E9A5 | 50022511976 | 08/12/2019 | 2 | 08/12/2019 | Periodical |